| 000 -LEADER | |
|---|---|
| fixed length control field | 00451nam a22001697a 4500 |
| 005 - DATE AND TIME OF LATEST TRANSACTION | |
| control field | 20250911123355.0 |
| 008 - FIXED-LENGTH DATA ELEMENTS--GENERAL INFORMATION | |
| fixed length control field | 220225b ||||| |||| 00| 0 eng d |
| 020 ## - INTERNATIONAL STANDARD BOOK NUMBER | |
| ISBN | 978-81-203-5182-0 |
| 041 ## - LANGUAGE CODE | |
| Language code of text/sound track or separate title | eng |
| 082 ## - DEWEY DECIMAL CLASSIFICATION NUMBER | |
| Classification number | 624.151 32 DEB- F |
| 100 ## - MAIN ENTRY--AUTHOR NAME | |
| Personal name | DEB,DEBASIS AND VERMA, ABHIRAM KUMAR |
| 245 ## - TITLE STATEMENT | |
| Title | FUNDAMENTALS AND APPLICATIONS OF ROCK MECHANICS |
| 260 ## - PUBLICATION, DISTRIBUTION, ETC. (IMPRINT) | |
| Place of publication | DELHI |
| Name of publisher | PHI.PVT.LTD |
| Year of publication | 2016 |
| 300 ## - PHYSICAL DESCRIPTION | |
| Number of Pages | 473;p |
| 650 ## - SUBJECT ADDED ENTRY--TOPICAL TERM | |
| Topical Term | MINING |
| 942 ## - ADDED ENTRY ELEMENTS (KOHA) | |
| Koha item type | Books |
| Lost status | Damaged status | Collection code | Home library | Current library | Shelving location | Date acquired | Source of acquisition | Cost, normal purchase price | Full call number | Accession Number | Koha item type |
|---|---|---|---|---|---|---|---|---|---|---|---|
| MINING | JRU Library | JRU Library | SHELF-59-G | 25/02/2022 | PURCHASE | 625.00 | 624.151 32 | 26604 | Books | ||
| MINING | JRU Library | JRU Library | SHELF-94-A | 25/02/2022 | PURCHASE | 625.00 | 624.151 32 | 26605 | Books | ||
| MINING | JRU Library | JRU Library | SHELF-94-A | 25/02/2022 | PURCHASE | 625.00 | 624.151 32 | 26606 | Books | ||
| MINING | JRU Library | JRU Library | SHELF-94-A | 23/01/2023 | LOHIA BOOK INTERNATIONAL | 1195.00 | 624.151 32 | 27510 | Books | ||
| JRU Library | SHELF-94-A | 23/01/2023 | LOHIA BOOK INTERNATIONAL | 1195.00 | 624.151 32 | 27511 | Books | ||||
| MINING | JRU Library | JRU Library | SHELF-94-A | 23/01/2023 | LOHIA BOOK INTERNATIONAL | 1195.00 | 624.151 32 | 27512 | Books | ||
| JRU Library | SHELF-94-A | 23/01/2023 | LOHIA BOOK INTERNATIONAL | 1195.00 | 624.151 32 | 27513 | Books | ||||
| MINING | JRU Library | JRU Library | SHELF-94-A | 10/09/2025 | PURCHASE | 1295.00 | 624.151 32 DEB- F | 28876 | Books | ||
| MINING | JRU Library | JRU Library | SHELF-94-A | 10/09/2025 | PURCHASE | 1295.00 | 624.151 32 DEB- F | 28877 | Books | ||
| MINING | JRU Library | JRU Library | SHELF-94-A | 10/09/2025 | PURCHASE | 1295.00 | 624.151 32 DEB- F | 28878 | Books | ||
| MINING | JRU Library | JRU Library | SHELF-94-A | 10/09/2025 | PURCHASE | 1295.00 | 624.151 32 DEB- F | 28879 | Books |